00787 2200241 4500001002100000005001500021035002000036007000300056008004100059082002000100084002400120245008100144300002400225264011800249336002100367337003000388338002300418040002200441090002600463850001200489650002400501990002000525INLIS00000000086965120220422095042 a0010-0422000294ta220422 g 0 dut  a352.14095982632 a352.14095982632 AAN aAanvulling der verzameling van residentskeuren en gewestelijke verordeningen a18 halaman ;c24 cm aTempat penerbit tidak teridentifikasi :bNama penerbit tidak teridentifikasi,cTahun terbit tidak teridentifikasi 2rdacontentateks 2rdamediaatanpa perantara 2rdacarrieravolume aYOPDYOGbinderda aL 352.14095982632 AAN aYOPDYOG aAdministrasi daerah a68654-PD/A.2022